|
|
|
|
| LEADER |
00000naa a2200000 a 4500 |
| 001 |
vtls010255124 |
| 003 |
SK-MaSNL |
| 005 |
20260319074702.0 |
| 008 |
11030231c2007 xo o e en |
| 015 |
|
|
|a SNBRA2007/08
|
| 035 |
|
|
|a SVKKK000085175
|
| 038 |
|
|
|a SVKKK
|
| 040 |
|
|
|a SVKKK
|b slo
|c SVKKK
|e AACR2
|
| 041 |
0 |
|
|a eng
|
| 044 |
|
|
|a xo
|c SK
|
| 080 |
|
|
|a 537.622.4
|2 1997
|
| 080 |
|
|
|a 661.896
|2 1997
|
| 245 |
0 |
0 |
|a Non-fermi liquid features of CaRuO3
|c A. Baran ... [et al.]
|
| 300 |
|
|
|b Obr.
|
| 504 |
|
|
|a Bibliogr. odkazy
|
| 650 |
0 |
7 |
|a ruténany
|x vlastnosti
|x vplyvy magnetického poľa
|2 snkbucl
|9 817664
|
| 700 |
1 |
|
|a Baran, A.
|4 aut
|9 817665
|
| 700 |
1 |
|
|a Feher, Alexander,
|d 1949-
|4 aut
|9 39696
|
| 700 |
1 |
|
|a Krajňaková, M.
|4 aut
|9 817666
|
| 700 |
1 |
|
|a Zorkovská, A.
|4 aut
|9 817667
|
| 700 |
1 |
|
|a Šantavá, E.
|4 aut
|9 798035
|
| 700 |
1 |
|
|a Šebek, J.
|4 aut
|9 798036
|
| 773 |
0 |
|
|t 15th Conference of Slovak physicists
|d Košice : Slovak Physical Society, 2007
|z 978-80-969124-4-5
|g S. 113-114
|
| 852 |
|
|
|a SVKKK
|b BIB
|
| 958 |
|
|
|a NB
|
| 999 |
|
|
|c 1313541
|d 1315471
|